|
|
|
|
| LEADER |
01913pam a2200373 a 4500 |
| 001 |
0017191 |
| 003 |
BD-DhAAL |
| 005 |
20250717165949.0 |
| 008 |
110528r19931988azua b 001 0 eng |
| 010 |
|
|
|a 92045049
|
| 020 |
|
|
|a 0897748034
|
| 040 |
|
|
|a DLC
|c DLC
|d DLC
|d BD-DhAAL
|
| 043 |
|
|
|a n-us---
|
| 050 |
0 |
0 |
|a LB2331.K32
|b K325 1993
|
| 082 |
0 |
0 |
|a 378.125
|2 20
|
| 100 |
1 |
|
|a Katz, Joseph,
|d 1920-
|9 1261
|
| 245 |
1 |
0 |
|a Turning professors into teachers :
|b a new approach to faculty development and student learning /
|c Joseph Katz and Mildred Henry.
|
| 260 |
|
|
|a Phoenix, AZ :
|b Oryx Press,
|c 1993.
|
| 300 |
|
|
|a xi, 173 p. :
|b ill. ;
|c 24 cm
|
| 490 |
|
|
|a American Council on Education series on higher education.
|
| 500 |
|
|
|a Originally published: New York : American Council on Education, c1988.
|
| 504 |
|
|
|a Includes bibliographical references (p. 165-167) and index.
|
| 526 |
|
|
|a AAL
|x Professor Jamilur Reza Choudhury (Former Vice-Chancellor), BRAC University and Dr. Salehuddin Ahmed (Former Pro-Vice-Chancellor), BRAC University
|
| 541 |
|
|
|e 0017191
|a Essence Science Publications
|
| 650 |
|
0 |
|a College teaching
|z United States.
|9 1263
|
| 650 |
|
0 |
|a College teachers
|x In-service training
|z United States.
|9 1264
|
| 650 |
|
0 |
|a Learning, Psychology of.
|9 1265
|
| 650 |
|
0 |
|a College students
|z United States
|x Psychology.
|9 1266
|
| 700 |
1 |
|
|a Henry, Mildred.
|9 1267
|
| 830 |
|
|
|a American Council on Education series on higher education
|9 1262
|
| 852 |
|
|
|a Ayesha Abed Library
|c General Stacks
|
| 942 |
|
|
|2 ddc
|c BK
|
| 999 |
|
|
|c 10903
|d 10903
|
| 952 |
|
|
|0 0
|1 0
|2 ddc
|4 0
|6 378_125000000000000_KAT
|7 0
|9 16791
|a BRACUL
|b BRACUL
|c GEN
|d 2011-05-28
|e Essence Science Publications
|g 3550.00
|l 1
|o 378.125 KAT
|p 3010017191
|r 2014-03-11
|s 2014-01-19
|t 1
|w 2011-05-28
|y BK
|x Requisitioned by Professor Jamilur Reza Choudhury (Former Vice-Chancellor), BRAC University and Dr. Salehuddin Ahmed (Former Pro-Vice-Chancellor), BRAC University
|